000 01017nam a2200277Ia 4500
003 OSt
005 20221005111830.0
006 a|||||r|||| 00| 0
007 ta
008 221004b |||||||| |||| 00| 0 san d
020 _a9788173232398 (hbk)
_cINR 450.00
024 _a34199
037 _b131, 14/09/2017, Eastern Book Linkers
_cTextual
040 _aCRL
_cCRL
_bsan
041 _2san
_asan
082 _aO15:g(A), Q5
100 _aमलिक, पुष्पा, संपा.
245 0 _aसंस्कृत वाङ्मय में विज्ञान
246 _aSanskṛut vānmaya mean vijnyāna
260 _aलखनऊ
_bसुलभ प्रकाशन भारत
_c2015
300 _a209पृ0
_ccm.
650 _a संस्कृत साहित्य
650 _aविज्ञान
942 _hO15:g(A), Q5
_cTEXL
_2cc
999 _c1023046
_d1023046